Resistencia de materiales / (Record no. 144263)

MARC details
000 -LEADER
campo de control de longitud fija 00607nam a2200169 4500
001 - NÚMERO DE CONTROL
campo de control 144263
003 - IDENTIFICADOR DE NÚMERO DE CONTROL
campo de control ES-MaACL
007 - CAMPO FIJO DE DESCRIPCIÓN FÍSICA--INFORMACIÓN GENERAL
campo de control de longitud fija t|
008 - DATOS DE LONGITUD FIJA--INFORMACIÓN GENERAL
campo de control de longitud fija 070214s1971 sp r ||||1| spa d
100 1# - ENTRADA PRINCIPAL--NOMBRE DE PERSONA
Nombre de persona Singer, Ferdinand L.
9 (RLIN) 106623
245 10 - MENCIÓN DEL TÍTULO
Título Resistencia de materiales /
Mención de responsabilidad, etc. Ferdinand L. Singer ; [traducción y adaptación: Raimundo Gaspar Torrent, Angel Gutiérrez Vázquez].
260 ## - PUBLICACIÓN, DISTRIBUCIÓN, ETC.
Lugar de publicación, distribución, etc. Madrid :
Nombre del editor, distribuidor, etc. Ed. del Castillo,
Fecha de publicación, distribución, etc. 1971 (
Fabricante Grefol)
300 ## - DESCRIPCIÓN FÍSICA
Extensión 636 p. :
Otras características físicas il. ;
Dimensiones 24 cm.
700 1# - ENTRADA AGREGADA--NOMBRE PERSONAL
Nombre de persona Gaspar Torrent, Raimundo.
9 (RLIN) 55887
700 1# - ENTRADA AGREGADA--NOMBRE PERSONAL
Nombre de persona Gutiérrez Vázquez, Angel.
9 (RLIN) 61233
852 ## - LOCALIZACIÓN
Ubicación ES-MaACL
Número de control de estantería E-7607
Sublocalización o colección R.91852
Holdings
Estatus retirado Estado de pérdida Estado de daño No para préstamo Biblioteca de origen Biblioteca actual Ubicación en estantería Fecha de adquisición Fuente de adquisición Total de préstamos Signatura topográfica completa Código de barras Visto por última vez Precio de reemplazo Tipo de ítem Koha
        Biblioteca del Ateneo de Madrid Biblioteca del Ateneo de Madrid Depósito 2 17/01/2008     E-7607 1150092 23/02/2023 23/02/2023 Libro impreso